[Event "3rd Mediterranean Open"]
[Site "Terrasini ITA"]
[Date "2012.06.28"]
[Round "6"]
[White "Puleo,D"]
[Black "Assmann,Norbert"]
[Result "1-0"]
[WhiteElo "1990"]
[BlackElo "1921"]

1.e4 g6 2.d4 Bg7 3.Nc3 c6 4.Be3 d5 5.Qd2 dxe4 6.Nxe4 Nf6 7.Nxf6+ Bxf6 8.O-O-O Bg4
9.f3 Be6 10.Ne2 Bc4 11.Qb4 Bxe2 12.Bxe2 Qb6 13.Qa3 O-O 14.g4 Rd8 15.Bc4 e6
16.Rhe1 Bxd4 17.Rxd4 Rxd4 18.c3 c5 19.cxd4 cxd4 20.Bh6 Nc6 21.Qd6 Rc8 22.Kb1 Qb4
23.Qxb4 Nxb4 24.Rxe6 b5 25.Bb3 Rd8 26.Re7 d3 27.Rxf7 Kh8 28.Bg7+ Kg8 29.Rd7+  1-0

[Event "NIKI Open 2012"]
[Site "Nachod CZE"]
[Date "2012.06.30"]
[Round "1.6"]
[White "Kulhanek,T"]
[Black "Veznik,Michael"]
[Result "1-0"]
[WhiteElo "2383"]
[BlackElo "1885"]

1.e4 g6 2.d4 Bg7 3.Nc3 c6 4.h3 d6 5.Be3 Nd7 6.Qd2 b5 7.Nf3 b4 8.Nd1 Ngf6
9.Bd3 Rb8 10.Bh6 O-O 11.O-O e5 12.Bxg7 Kxg7 13.Ne3 Qc7 14.c3 d5 15.Nxe5 Nxe5
16.dxe5 Qxe5 17.f4 Nxe4 18.Bxe4 Qxe4 19.f5 gxf5 20.Rae1 bxc3 21.Nxf5+ Bxf5
22.Qxc3+ d4 23.Qg3+  1-0

[Event "XXI Adolf Anderssen Mem Prelim"]
[Site "Wroclaw POL"]
[Date "2012.06.30"]
[Round "1"]
[White "Cagara,P"]
[Black "Piorun,K"]
[Result "0-1"]
[WhiteElo "2023"]
[BlackElo "2488"]

1.e4 g6 2.d4 Bg7 3.Nc3 c6 4.Be3 d5 5.e5 Qb6 6.Rb1 f6 7.Nf3 Bg4 8.exf6 Nxf6
9.Be2 Bxf3 10.Bxf3 O-O 11.O-O Nbd7 12.Qd2 Ne8 13.Bg4 Ndf6 14.Be6+ Kh8 15.Bh6 Bxh6
16.Qxh6 Ng7 17.Qe3 c5 18.Bxd5 cxd4 19.Qxe7 dxc3 20.Qxb7 Nxd5 21.Qxd5 cxb2
22.Qb3 Qc5 23.Qxb2 Rf7 24.c3 Raf8 25.Qb4 Ne6 26.Qxc5 Nxc5 27.f3 Rc8 28.Rfd1 Na4  0-1

[Event "40th TCh-GRE 2012"]
[Site "Achaea GRE"]
[Date "2012.07.01"]
[Round "2.7"]
[White "Stamos,F"]
[Black "Sidiropoulos,N2"]
[Result "0-1"]
[WhiteElo "1966"]
[BlackElo "1918"]

1.e4 g6 2.d4 Bg7 3.Nc3 c6 4.h3 d6 5.Be3 Qb6 6.Rb1 Qc7 7.f4 Nf6 8.Bd3 b5 9.Nf3 b4
10.Ne2 Ba6 11.c4 O-O 12.O-O d5 13.cxd5 cxd5 14.e5 Ne4 15.Bxa6 Nxa6 16.Nd2 f5
17.exf6 Rxf6 18.Qb3 Nxd2 19.Bxd2 Qc4 20.Qe3 Nc7 21.b3 Qa6 22.Qf3 Qxa2 23.Bxb4 Re6
24.Nc3 Bxd4+ 25.Kh1 Bxc3 26.Bxc3 Qe2 27.Be5 Qxf3 28.Rxf3 Rc6 29.f5 Rf8 30.Rbf1 Rxf5
31.Rxf5 gxf5 32.Rxf5 Nb5 33.Rf4 a6 34.h4 Re6 35.Rf5 d4 36.Bf4 Rf6 37.Rxf6 exf6
38.Kg1 Kf7 39.Kf2 Ke6 40.Kf3 Kd5 41.g4 Nd6 42.h5 Ne4 43.Bc1 d3 44.Be3 Nc5
45.b4 Ne4 46.h6 Ng5+ 47.Kf4 Ne4 48.Kf3 d2 49.Ke2 Kc4 50.Bxd2 Nxd2 51.Kxd2 Kxb4
52.Kd3 a5 53.Ke4 a4 54.Kf5 a3 55.Kxf6 a2 56.Kg7 a1=Q+ 57.Kxh7 Qf6  0-1

[Event "40th TCh-GRE 2012"]
[Site "Achaea GRE"]
[Date "2012.07.01"]
[Round "3.1"]
[White "Goumas,G"]
[Black "Skembris,S"]
[Result "1/2-1/2"]
[WhiteElo "2402"]
[BlackElo "2460"]

1.e4 g6 2.d4 c6 3.Nc3 Bg7 4.Bc4 d5 5.exd5 b5 6.Bb3 b4 7.Na4 cxd5 8.Nf3 Nc6
9.Nc5 Bg4 10.Ba4 Rc8 11.c3 Qb6 12.h3 Bxf3 13.Qxf3 Nf6 14.Bg5 bxc3 15.bxc3 O-O
16.Bxf6 Bxf6 17.O-O Bxd4 18.Nd7 Ne5 19.Qxd5 Nxd7 20.cxd4 Nf6 21.Qe5 Qb4 22.Bb3 Rfd8
23.Rab1 Qd6 24.Rfc1 Ne8 25.Qxd6 Nxd6 26.Rc5 Ne4 27.Rxc8 Rxc8 28.Re1 Nd2 29.Rxe7 Rc1+
30.Kh2 Nf1+ 31.Kg1 Nd2+ 32.Kh2 Nf1+  1/2-1/2

[Event "40th TCh-GRE 2012"]
[Site "Achaea GRE"]
[Date "2012.07.01"]
[Round "3.1"]
[White "Skaraki,A"]
[Black "Vatkali,D"]
[Result "1-0"]
[WhiteElo "1793"]
[BlackElo "1943"]

1.e4 c6 2.d4 g6 3.Nc3 Bg7 4.Nf3 d5 5.h3 dxe4 6.Nxe4 Nd7 7.Bc4 Ngf6 8.Nxf6+ Nxf6
9.c3 Qc7 10.Qb3 O-O 11.O-O e6 12.Re1 b6 13.Ne5 Nd5 14.Bxd5 cxd5 15.Bf4 Qb7
16.Re3 Bd7 17.Rae1 Rac8 18.Ng4 Qa6 19.Qd1 Qxa2 20.Qd2 Qa6 21.Bd6 h5 22.Bxf8 Rxf8
23.Ne5 Be8 24.Rg3 Kh7 25.Qc2 Qb7 26.Nf3 Qe7 27.Ng5+ Kg8 28.h4 Bd7 29.Qe2 Qd6
30.Rf3 Be8 31.b3 Qe7 32.Qa6 b5 33.Rfe3 b4 34.c4 Bxd4 35.Rd3 Bc3 36.Re2 d4
37.Qa5 Bc6 38.Rg3 Re8 39.Nxe6 fxe6 40.Rxg6+ Kf8 41.Qxh5 d3 42.Re5 Bxe5 43.Qxe5 Qh7
44.Qf4+ Ke7 45.Qg5+ Kd6 46.c5+ Kc7 47.Rg7+ Qxg7 48.Qxg7+ Kc8 49.Qg5 Rd8 50.Qd2 Ba4
51.h5 Bxb3 52.c6 a5 53.h6 Bc2 54.h7 Kc7 55.Qg5  1-0

[Event "XXI Adolf Anderssen Mem KO"]
[Site "Wroclaw POL"]
[Date "2012.07.01"]
[Round "3.2"]
[White "Arutinian,D"]
[Black "Kasparov,S"]
[Result "1/2-1/2"]
[WhiteElo "2556"]
[BlackElo "2493"]

1.e4 g6 2.d4 Bg7 3.Nc3 c6 4.Be3 d5 5.f3 Nf6 6.e5 Ng8 7.Qd2 h5 8.h4 Nh6 9.Nh3 Nf5
10.Bd3 Nxe3 11.Qxe3 Bh6 12.Ng5 e6 13.O-O-O b6 14.g4 Ba6 15.Bxa6 Nxa6 16.gxh5 gxh5
17.f4 Qe7 18.Qe2 Nc7 19.Qxh5 O-O-O 20.Kb1 Rdf8 21.Rde1  1/2-1/2

[Event "XXI Adolf Anderssen Mem KO"]
[Site "Wroclaw POL"]
[Date "2012.07.01"]
[Round "3.2"]
[White "Ulanowski,K"]
[Black "Khamidov,K"]
[Result "1-0"]
[WhiteElo "1987"]
[BlackElo "2090"]

1.e4 g6 2.d4 Bg7 3.Nc3 c6 4.Be3 d5 5.f3 Nf6 6.e5 Ng8 7.Qd2 h5 8.h4 Nh6 9.Nh3 Nf5
10.Bd3 Nxe3 11.Qxe3 Bh6 12.Ng5 e6 13.O-O-O b6 14.g4 Ba6 15.Bxa6 Nxa6 16.gxh5 gxh5
17.f4 Qe7 18.Qe2 Nc7 19.Qxh5 O-O-O 20.Kb1 Rdf8 21.Rde1 Kd7 22.Qg4 f6 23.exf6 Qxf6
24.Rhf1 Rhg8 25.Re5 c5 26.Nxd5 Nxd5 27.Rxd5+ Kc6 28.Re5 Bxg5 29.Rxe6+ Kc7
30.Rxf6 Bxf6 31.Qe6 Bxd4 32.c3 Bf6 33.Rd1 Bd8 34.Rd7+ Kb8 35.Qc6 Rg1+ 36.Kc2  1-0

[Event "II Holuj-Radzikowski Mem"]
[Site "Warsaw POL"]
[Date "2012.07.04"]
[Round "4.5"]
[White "Iwanow,A"]
[Black "Szczepkowska Horowska,K"]
[Result "0-1"]
[WhiteElo "2186"]
[BlackElo "2376"]

1.e4 g6 2.d4 c6 3.Nc3 Bg7 4.Be3 d5 5.Be2 dxe4 6.Nxe4 Nd7 7.c4 Ngf6 8.Nc3 O-O
9.Nf3 Ng4 10.Bf4 e5 11.Nxe5 Ngxe5 12.dxe5 Nxe5 13.O-O Be6 14.Qa4 Qb6 15.Rab1 Rfd8
16.Be3 Qc7 17.Rbd1 Rxd1 18.Rxd1 Ng4 19.Bxg4 Bxg4 20.Rd2 Be6 21.Ne4 b6 22.Ng5 Bf5
23.c5 b5 24.Qh4 h6 25.Nf3 g5 26.Qb4 Re8 27.Qb3 Be4 28.Nd4 Qe5 29.Qd1 Bd5
30.Qg4 Qf6 31.h4 gxh4 32.Nf5 Re4 33.Qh5 Qg6 34.Qxg6 fxg6 35.Nd6 Re5 36.a3 g5
37.Kh2 Bf8 38.Nc8 a6 39.Nb6 Be6 40.Rd8 Kf7 41.b4 g4 42.Ra8 g3+ 43.Kg1 h5
44.Ra7+ Kg6 45.Rc7 Bh6 46.Rxc6 Bxe3 47.fxe3 Rxe3 48.Kf1 Kg5 49.Rd6 h3 50.Rxe6 Rxe6
51.gxh3 Kf4  0-1

[Event "35th Barbera Open A"]
[Site "Barbera del Valles ESP"]
[Date "2012.07.05"]
[Round "2.21"]
[White "Bergez,L"]
[Black "Uribe Arteaga,D"]
[Result "1-0"]
[WhiteElo "2420"]
[BlackElo "2272"]

1.e4 g6 2.d4 Bg7 3.Nc3 c6 4.f4 d5 5.e5 Nh6 6.Nf3 Bg4 7.Be2 f6 8.O-O O-O 9.Be3 Nf5
10.Bf2 Bxf3 11.Bxf3 fxe5 12.fxe5 e6 13.Ne2 Nd7 14.Nf4 Nxd4 15.Qxd4 Bxe5 16.Qb4 Bxf4
17.Bg4 Qf6 18.g3 h5 19.Bd4 Qg5 20.Bxe6+ Kh7 21.Bxd7 Bxg3 22.hxg3 Qxg3+ 23.Kh1 Qh4+
24.Kg2 Qe4+ 25.Kg1 a5 26.Qd2 Rf3 27.Rxf3 Qxf3 28.Rf1 Qg3+ 29.Qg2 Qxg2+ 30.Kxg2 Kh6
31.Kg3 Rd8 32.Rf7 g5 33.Bf5  1-0

[Event "35th Barbera Open A"]
[Site "Barbera del Valles ESP"]
[Date "2012.07.05"]
[Round "2.10"]
[White "Navarro Lopez Menchero,D"]
[Black "Perez Mitjans,O"]
[Result "1-0"]
[WhiteElo "2230"]
[BlackElo "2504"]

1.e4 g6 2.d4 Bg7 3.Nc3 c6 4.Nf3 d6 5.h3 Nd7 6.Bc4 e6 7.Bb3 a6 8.a4 Qc7 9.Bf4 Ngf6
10.O-O e5 11.dxe5 dxe5 12.Be3 O-O 13.Qd2 c5 14.Nd5 Nxd5 15.Qxd5 b6 16.Rad1 Ra7
17.Bg5 b5 18.Be3 Rb7 19.axb5 axb5 20.c4 bxc4 21.Qxc4 Rb4 22.Qc2 c4 23.Ba2 Ba6
24.Qc3 Rfb8 25.b3 Nf6 26.Nd2 Qb7 27.bxc4 Nxe4 28.Nxe4 Qxe4 29.Qxb4 Bb7 30.Rd5 Bf8
31.Qd2 Ra8 32.Bb1 Qxc4 33.Rd8 Ra1 34.Bh6 Qxf1+ 35.Kxf1 Ba6+ 36.Kg1  1-0

[Event "7th Wroclaw Open A"]
[Site "Wroclaw POL"]
[Date "2012.07.06"]
[Round "5.17"]
[White "Ulanowski,K"]
[Black "Czyz,Ar"]
[Result "1-0"]
[WhiteElo "1987"]
[BlackElo "2062"]

1.e4 g6 2.d4 Bg7 3.Nc3 c6 4.Nf3 d5 5.h3 Nf6 6.e5 Ne4 7.Nxe4 dxe4 8.Ng5 c5
9.Bb5+ Nc6 10.c3 O-O 11.O-O cxd4 12.Bxc6 bxc6 13.cxd4 Qb6 14.Be3 Qxb2 15.Nxe4 f6
16.exf6 exf6 17.Qa4 Qb5 18.Qxb5 cxb5 19.Nd6 Bd7 20.Rac1 f5 21.Rc7 Be6 22.Nxb5 Bxa2
23.Ra1 Bb3 24.Ra3 Bd5 25.Rc5 Rad8 26.Nc7 Bf7 27.d5 Rd7 28.Ne6 Rb8 29.Bf4 Bxe6
30.Bxb8 Bf8 31.d6 Rb7 32.Bc7 Rxc7 33.Rxc7 Bxd6 34.Raxa7 Bxc7 35.Rxc7 Bf7
36.Kf1 Kg7 37.Ke2 Kf6 38.Ke3 h6 39.Rc6+ Kg5 40.g3 Bd5 41.f4+ Kh5 42.g4+ fxg4
43.Rc5 Kh4 44.Rxd5 g3 45.Kf3 Kxh3 46.Rd1  1-0

[Event "7th Wroclaw Open A"]
[Site "Wroclaw POL"]
[Date "2012.07.06"]
[Round "5.22"]
[White "Grela,K"]
[Black "Piotrowski,P"]
[Result "1-0"]
[WhiteElo "1875"]
[BlackElo "1933"]

1.e4 g6 2.d4 Bg7 3.Nc3 c6 4.Nf3 d5 5.Be2 Nh6 6.O-O f6 7.Be3 O-O 8.Nd2 e5
9.exd5 cxd5 10.Nxd5 Be6 11.c4 Bxd5 12.cxd5 exd4 13.Bxd4 Nf5 14.Bc3 Nd7 15.Nf3 Nb6
16.Ba5 Rc8 17.Rc1 Qd6 18.Qb3 Rxc1 19.Rxc1 Re8 20.Bb5 Rd8 21.Bxb6 axb6 22.Re1 Bf8
23.Re6 Qxd5 24.Bc4 Qc5 25.Rd6+ Kg7 26.Rxd8 Nd6 27.Rd7+ Kh6 28.Bf1 Nf5 29.Qc4 Qa5
30.b4 Qa3 31.Qf4+  1-0

[Event "35th Barbera Open A"]
[Site "Barbera del Valles ESP"]
[Date "2012.07.07"]
[Round "4.23"]
[White "Barbero Senidic,A"]
[Black "Uribe Arteaga,D"]
[Result "1-0"]
[WhiteElo "2370"]
[BlackElo "2272"]

1.e4 g6 2.d4 Bg7 3.Nc3 c6 4.Be3 d6 5.Qd2 b5 6.Bd3 Nd7 7.f4 Ngf6 8.Nf3 O-O
9.O-O-O Qc7 10.h4 b4 11.Ne2 c5 12.dxc5 Nxc5 13.Bxc5 Qxc5 14.h5 Nxh5 15.Rh4 Qa5
16.Kb1 Be6 17.Nc1 Rfc8 18.g4 Nf6 19.g5 Nh5 20.Qh2 Bc4 21.Rh1 Qc5 22.Qd2 a5
23.f5 Qb5 24.Rxh5 gxh5 25.Rxh5 a4 26.e5 dxe5 27.Be4 Rd8 28.Qh2 b3 29.Rxh7 bxa2+
30.Ka1 Ra6 31.Rxg7+ Kxg7 32.f6+ exf6 33.Qh6+ Kg8 34.gxf6 Rxf6 35.Bh7+ Kh8
36.Qxf6+ Kxh7 37.Ng5+ Kg8 38.Qxd8+ Kg7 39.Ne4 Qd5 40.Qg5+ Kf8 41.Nf6 Qd4
42.Qxe5 Qxe5 43.Nd7+ Ke7 44.Nxe5 Bd5 45.Nxa2 Be4 46.c3 f5 47.Nb4 f4 48.Ned3 f3
49.Nf2 Bf5 50.Nc6+ Kf6 51.Nd4 Ke5 52.Nxf5 Kxf5 53.c4 Kf4 54.Ka2 Ke3 55.Nh3  1-0

[Event "4th Rethymno Open"]
[Site "Rethymno GRE"]
[Date "2012.07.08"]
[Round "2.25"]
[White "Tzouganakis,P"]
[Black "Skembris,S"]
[Result "1/2-1/2"]
[WhiteElo "2096"]
[BlackElo "2460"]

1.e4 c6 2.d4 g6 3.Nc3 Bg7 4.Nf3 d5 5.h3 Nh6 6.Bf4 f6 7.exd5 cxd5 8.Nb5 Na6
9.c4 O-O 10.cxd5 Qxd5 11.Nc3 Qf7 12.b3 Kh8 13.Bc4 Be6 14.d5 Bd7 15.O-O g5
16.d6 e6 17.Bg3 Qe8 18.Re1 e5 19.Rc1 Rd8 20.Nd4 Nc5 21.Ndb5 Bxb5 22.Nxb5 a6
23.Bf1 Ne6 24.Nc7 Qd7 25.Qf3 b5 26.Qc6 Nd4 27.Qxa6 b4 28.Nb5 Nxb5 29.Bxb5 Qxd6
30.Qxd6 Rxd6 31.Re4 Rd2 32.Rxb4 Rxa2 33.Bf1 Nf5 34.Rb7 h5 35.Bd3 Nd4 36.Rcc7 Ne6
37.Re7 Ra1+ 38.Bf1 Rc8 39.Rxe6 Rcc1 40.Re8+ Kh7 41.Bxe5 Rxf1+ 42.Kh2 fxe5
43.Ree7 h4 44.Rxg7+ Kh6 45.Rh7+ Kg6 46.Rhg7+ Kf6 47.Rgf7+ Ke6 48.g3 e4 49.Rbe7+ Kd5
50.Rd7+ Kc5 51.Rc7+ Kb6 52.Rb7+ Kc6 53.Rbc7+ Kb5 54.Rb7+ Kc5 55.Rbc7+ Kd4
56.Rfd7+ Ke5 57.Re7+  1/2-1/2

[Event "7th Wroclaw Open A"]
[Site "Wroclaw POL"]
[Date "2012.07.08"]
[Round "7.20"]
[White "Mondrzycki,B"]
[Black "Piotrowski,P"]
[Result "1-0"]
[WhiteElo "2056"]
[BlackElo "1933"]

1.e4 g6 2.d4 Bg7 3.Nc3 c6 4.h3 d5 5.Nf3 Nh6 6.Bf4 f6 7.exd5 cxd5 8.Nb5 Na6
9.c4 Nf7 10.cxd5 O-O 11.Bc4 Bd7 12.Nc3 b5 13.Bxb5 Bxb5 14.Nxb5 Qxd5 15.Nc3 Qf5
16.Bg3 Nb4 17.O-O Rfd8 18.Qa4 Nd5 19.Rfe1 Bf8 20.Rac1 Nf4 21.Bxf4 Qxf4 22.Qc2 Rab8
23.b3 Rbc8 24.Qe4 Qh6 25.Ne2 Nd6 26.Qe6+ Kg7 27.Rc5 Rb8 28.Rec1 Rb6 29.Qe3 Kf7
30.Nf4 Nf5 31.Qe4 Rbd6 32.d5 Ng7 33.Nd4 R8d7 34.Rc7 Qg5 35.Nb5 Rxc7 36.Nxd6+  1-0

[Event "4th Rethymno Open"]
[Site "Rethymno GRE"]
[Date "2012.07.09"]
[Round "4.8"]
[White "David,Alb"]
[Black "Skembris,S"]
[Result "1/2-1/2"]
[WhiteElo "2605"]
[BlackElo "2460"]

1.e4 c6 2.d4 g6 3.Nc3 Bg7 4.Nf3 d5 5.h3 Nh6 6.Bd3 O-O 7.O-O dxe4 8.Nxe4 Nf5
9.c3 Nd6 10.Ng3 Nd7 11.Re1 c5 12.Bg5 Re8 13.Qd2 cxd4 14.Nxd4 Nc5 15.Bc2 Ne6
16.Nxe6 Bxe6 17.Bb3 Bxb3 18.axb3 Qc7 19.Rad1 Rad8 20.Qe3 Nc8 21.Qf3 h6  1/2-1/2

[Event "35th Barbera Open A"]
[Site "Barbera del Valles ESP"]
[Date "2012.07.10"]
[Round "7.41"]
[White "Dukaczewski,P"]
[Black "Uribe Arteaga,D"]
[Result "0-1"]
[WhiteElo "2249"]
[BlackElo "2272"]

1.e4 g6 2.d4 Bg7 3.Nc3 c6 4.Nf3 d5 5.h3 dxe4 6.Nxe4 Nd7 7.Bc4 Ngf6 8.Nxf6+ Nxf6
9.O-O O-O 10.Re1 e6 11.c3 b6 12.Bg5 Bb7 13.Ne5 Qc7 14.Qd2 c5 15.Bf4 cxd4
16.cxd4 Nh5 17.Rac1 Qd8 18.Nxf7 Qxd4 19.Nh6+ Kh8 20.Qxd4 Bxd4 21.Be5+ Bxe5
22.Rxe5 Rac8 23.Rc3 Nf4 24.f3 Kg7 25.Ng4 Rfd8 26.Nf2 Rd2 27.b3 Ne2+ 28.Bxe2 Rxc3
29.Rxe6 Rc1+ 30.Kh2 Rcc2 31.Re7+ Kf8  0-1

[Event "6th LCT GpA 2012"]
[Site "Leiden NED"]
[Date "2012.07.10"]
[Round "5.7"]
[White "Butkiewicz,L"]
[Black "Lalith,B"]
[Result "0-1"]
[WhiteElo "2402"]
[BlackElo "2529"]

1.e4 g6 2.d4 Bg7 3.Nc3 c6 4.f4 d5 5.e5 Qb6 6.h3 Nh6 7.g4 f6 8.Nf3 Nf7 9.Be2 O-O
10.Na4 Qc7 11.Be3 g5 12.exf6 exf6 13.Qd2 Nd6 14.Nc3 b5 15.Bd3 Ne4 16.Bxe4 dxe4
17.Nh2 b4 18.Ne2 Nd7 19.d5 Nb6 20.d6 Qf7 21.b3 Nd5 22.O-O f5 23.Rac1 Ba6
24.fxg5 Bc3 25.Nxc3 bxc3 26.Qf2 Bxf1 27.Rxf1 f4 28.Bc5 Qg6 29.Qd4 f3 30.Qc4 Rad8
31.Rf2 Rfe8 32.Nf1 Qxg5 33.Ne3 h5 34.h4 Qe5 35.Kf1 Kh7  0-1

[Event "FSFMA1 July 2012"]
[Site "Budapest HUN"]
[Date "2012.07.11"]
[Round "5.3"]
[White "Juracsik,J"]
[Black "Balvanyos,I"]
[Result "1-0"]
[WhiteElo "2139"]
[BlackElo "2129"]

1.e4 g6 2.d4 Bg7 3.Nc3 c6 4.Be3 d5 5.h3 dxe4 6.Nxe4 Nf6 7.Nxf6+ Bxf6 8.Nf3 O-O
9.Be2 c5 10.O-O cxd4 11.Bxd4 Nc6 12.Bxf6 exf6 13.Qc1 Bf5 14.c3 Be4 15.Qf4 Bxf3
16.Bxf3 Ne5 17.Bxb7 Rb8 18.Rad1 Qc7 19.Bd5 Rxb2 20.Qxf6 Rb6 21.Qf4 Qxc3 22.Rd4 Nc6
23.Rc4 Qe5 24.Qxe5 Nxe5 25.Rc7 Rd8 26.Bb3 Rd7 27.Rfc1 Rbd6 28.Rxd7 Rxd7 29.Rc5 Nd3
30.Ra5 Rc7 31.Kf1 Nc5 32.Bd5 Kf8 33.Ke2 Ke7 34.Ke3 Kd6 35.Kd4 f5 36.f4 Nd7
37.Ra6+ Nb6 38.a4 Rc1 39.Bb3 Rb1 40.Kc3 Kc6 41.Rxa7 Rg1 42.Rxh7 Rxg2 43.a5 Nd5+
44.Kc4 Rf2 45.Ba4+ Kd6 46.Rd7+  1-0

[Event "St. Pauli Open 2012"]
[Site "Hamburg GER"]
[Date "2012.07.11"]
[Round "5.3"]
[White "Bente,B"]
[Black "Kopylov,M"]
[Result "1/2-1/2"]
[WhiteElo "2197"]
[BlackElo "2466"]

1.e4 g6 2.d4 Bg7 3.Nc3 c6 4.Bc4 b5 5.Bb3 b4 6.Nce2 Nf6 7.e5 Nd5 8.Nf3 a5
9.O-O Ba6 10.a3 d6 11.Re1 O-O 12.Nf4 dxe5 13.Nxe5 Qd6 14.Nxd5 cxd5 15.Bf4 Nc6
16.Nxc6 Qxc6 17.axb4 axb4 18.Qd2 Bc4 19.Qxb4 Bxd4 20.Bxc4 Qxc4 21.Qxc4 dxc4
22.c3 Bc5 23.Kf1 f6 24.Rxa8 Rxa8 25.Re4 Ra1+ 26.Ke2 Rb1 27.Be3 Rxb2+ 28.Kf3 Bd6
29.Rxc4 f5 30.Bc5 Bxc5 31.Rxc5 Kf7 32.h4 Kf6 33.g3 Rc2 34.Ke3 h6  1/2-1/2

[Event "35th Barbera Open A"]
[Site "Barbera del Valles ESP"]
[Date "2012.07.12"]
[Round "9.25"]
[White "Umudova,N"]
[Black "Mammadova,G"]
[Result "1-0"]
[WhiteElo "2210"]
[BlackElo "2341"]

1.e4 g6 2.d4 Bg7 3.Nc3 c6 4.Nf3 d5 5.h3 Nf6 6.Bd3 dxe4 7.Nxe4 Nxe4 8.Bxe4 O-O
9.O-O Be6 10.c3 Bd5 11.Bc2 Nd7 12.Re1 c5 13.Bg5 f6 14.Bf4 c4 15.Nd2 Rc8 16.h4 e5
17.dxe5 fxe5 18.Bg3 Be6 19.Ne4 Kh8 20.h5 Bf5 21.hxg6 Bxg6 22.Nd6 Bxc2 23.Qxc2 Rc6
24.Rad1 Qc7 25.Nb5 Qd8 26.Rd2 Qb6 27.Rxd7 Qxb5 28.Qe2 Rb6  1-0

[Event "Turkish Bank Chess League 2012"]
[Site "Konya TUR"]
[Date "2012.07.12"]
[Round "2"]
[White "Okus,M"]
[Black "Yilmazyerli,M"]
[Result "1/2-1/2"]
[WhiteElo "1966"]
[BlackElo "2312"]

1.e4 g6 2.d4 Bg7 3.Nc3 c6 4.Nf3 d5 5.e5 Bg4 6.Be2 e6 7.Bg5 Ne7 8.h3 Bxf3
9.Bxf3 O-O 10.Ne2 c5 11.c3 Nbc6 12.Qd2 b5 13.O-O Rb8 14.Bg4 b4 15.h4 bxc3
16.bxc3 Qa5 17.h5 cxd4 18.cxd4 Qxd2 19.Bxd2 Rfc8 20.hxg6 hxg6 21.Rab1 Kf8
22.Rfc1 Ke8 23.Bg5 Rxb1 24.Rxb1 Rb8 25.Rxb8+ Nxb8 26.Nc3 Nec6 27.Be3 Bf8
28.Bd1 Bb4 29.Ne2 Bf8 30.Nc3 Bb4 31.Ne2 Nd7 32.Ba4 Na5 33.Bg5 Be7 34.Bc1 Kd8
35.f4 Nb6 36.Bb5 Nac4 37.Kf2 Bb4 38.g4 Ke7 39.f5 gxf5 40.gxf5 exf5 41.Bg5+ Kf8
42.Ng3 Bd2 43.Bxd2 Nxd2 44.Nxf5 Ne4+ 45.Kf3 Nc3 46.Nd6 Nxa2 47.Be8 Nc4 48.Nxc4 dxc4
49.Ba4 Nb4 50.Ke3 c3 51.d5 c2 52.Kd2 Nd3 53.Bxc2 Nxe5 54.Kc3 Ke7 55.Kb4 Kd6
56.Kb5 Kc7 57.Ka6 Kb8 58.d6 Nc6 59.Bf5 Nd8 60.Bg4 Nb7 61.d7 Nd8 62.Bh3 Nc6
63.Bg2 Nd8 64.Bh3 f6 65.Bg4 Nb7 66.Bh3 Nd8 67.Bg4 Nc6 68.Bf3 Nd8 69.Bg4 Nb7
70.Bh3 Nd8 71.Bg2 Nc6 72.Bh3 Nd8 73.Bg4 Nb7 74.Bh3 Nd8 75.Bg4 Nc6 76.Bf3 Nd8
77.Bg4 Kc7 78.Kxa7 Nc6+ 79.Ka6 Ne5 80.d8=Q+ Kxd8 81.Bf5 Nc4 82.Bd3 Ne5 83.Bf5 Kc7
84.Kb5 Kd6 85.Kb4 Nc6+ 86.Kc3 Ke5 87.Bh7 Ne7 88.Kd2 Kf4 89.Ke2 Kg5 90.Bb1 Nd5
91.Kf3 f5 92.Bxf5 Kxf5  1/2-1/2

[Event "86th ch-ARG 2012"]
[Site "La Plata ARG"]
[Date "2012.07.12"]
[Round "11.12"]
[White "Martinez de Negri,G"]
[Black "Herman,D"]
[Result "1/2-1/2"]
[WhiteElo "2093"]
[BlackElo "2193"]

1.e4 g6 2.d4 Bg7 3.Nc3 c6 4.Nf3 d5 5.h3 dxe4 6.Nxe4 Nf6 7.Nxf6+ exf6 8.Bc4 O-O
9.O-O Nd7 10.Re1 Nb6 11.Bf1 Be6 12.Bf4 Re8 13.Qd2 Qd7 14.b3 Nd5 15.Bh2 Bf8
16.a3 Bf5 17.Rxe8 Rxe8 18.c4 Nc7 19.Bd3 Bxd3 20.Qxd3 Bd6 21.Bxd6 Qxd6 22.b4 Rd8
23.Rd1 Ne6 24.Qe3 b5 25.cxb5 cxb5 26.d5 a6 27.g3 Kg7 28.Rd3 Nc7 29.Qd2 Nxd5
30.Nd4 Rd7 31.Nb3 Rd8 32.Nc5 Qe5 33.Nxa6 h5 34.h4 Ra8 35.Rxd5 Qa1+ 36.Kg2 Rxa6
37.Rxb5 Rxa3 38.Rb8 Qe5  1/2-1/2

[Event "4th Rethymno Open"]
[Site "Rethymno GRE"]
[Date "2012.07.13"]
[Round "8.14"]
[White "Nasuta,G"]
[Black "Skembris,S"]
[Result "1-0"]
[WhiteElo "2236"]
[BlackElo "2460"]

1.e4 c6 2.d4 g6 3.Nc3 Bg7 4.f4 d5 5.e5 Nh6 6.Nf3 f6 7.Be3 Bg4 8.Be2 O-O 9.h3 Nf5
10.Bf2 Bxf3 11.Bxf3 fxe5 12.dxe5 e6 13.h4 h5 14.Qe2 Qa5 15.O-O Qb4 16.g3 Qxb2
17.Qd3 Qa3 18.Rab1 b6 19.Rb3 Qe7 20.Ne2 Nd7 21.Rbb1 Rac8 22.Nd4 Qf7 23.c4 Nxd4
24.Bxd4 Rfd8 25.Rb2 dxc4 26.Qxc4 Nf8 27.Be4 b5 28.Qc5 a6 29.Rg2 Rd7 30.Be3 Rcd8
31.Qc2 c5 32.Bxc5 Rc8 33.Qf2 Rdc7 34.Bd6 Rc4 35.Bd3 Rc1 36.Rxc1 Rxc1+ 37.Kh2 Qb7
38.Qb2 Qc6 39.Be4 Qc4 40.Rc2 Rxc2+ 41.Qxc2 Qf1 42.Bg2 Qa1 43.Bxf8 Kxf8 44.Qc8+ Kf7
45.Qd7+ Kf8 46.Qxe6 Qd4 47.Kh3 Qd3 48.Qxa6 Kg8 49.Kh2 Qc2 50.a3 Bf8 51.Qxb5 Bxa3
52.Qd5+ Kg7 53.Qb7+ Kh6 54.Qa8  1-0

[Event "Int Open ch-SVK 2012"]
[Site "Banska Stiavnica SVK"]
[Date "2012.07.14"]
[Round "8.9"]
[White "Petenyi,T"]
[Black "Petran,Pe"]
[Result "1-0"]
[WhiteElo "2442"]
[BlackElo "2282"]

1.e4 g6 2.d4 Bg7 3.Nc3 c6 4.f4 d5 5.e5 Nh6 6.Nf3 Bg4 7.Be3 f6 8.exf6 exf6
9.h3 Nf5 10.Bf2 Qe7+ 11.Kd2 Bxf3 12.Qxf3 Kd8 13.Bd3 Nd6 14.Rae1 Qf7 15.f5 Bh6+
16.Be3 Bxe3+ 17.Qxe3 gxf5 18.Qf4 Ne4+ 19.Kc1 Nd7 20.g4 Qg7 21.Rhf1 Nxc3 22.bxc3 fxg4
23.hxg4 Rg8 24.Bf5 Qg5 25.Qxg5 Rxg5 26.Re6 Rg7 27.Rfe1 Kc7 28.Re7 Rxe7 29.Rxe7 Rd8
30.Rxh7 a5 31.Rf7 b5 32.a3 Kd6 33.Bxd7 Rxd7 34.Rxf6+ Kc7 35.g5 Rh7 36.g6 Rh2
37.g7 Rg2 38.Rf7+ Kd6 39.Kd1 a4 40.Ke1 Ke6 41.Rc7 Kf5 42.Kf1 Rg6 43.Kf2 Ke4
44.Re7+ Kf4 45.Ke2 Rg2+ 46.Kd3 Kf5 47.Ke3 Kf6 48.Rc7 Rxg7 49.Rxc6+ Kf5 50.Rc5 Rg3+
51.Kd2 Rg2+ 52.Kc1  1-0

[Event "Turkish Bank Chess League 2012"]
[Site "Konya TUR"]
[Date "2012.07.14"]
[Round "4"]
[White "Kazdagli,B"]
[Black "Topak,E"]
[Result "0-1"]
[WhiteElo "1932"]
[BlackElo "2241"]

1.e4 g6 2.d4 Bg7 3.Nc3 c6 4.Be3 d5 5.e5 f6 6.f4 Nh6 7.Nf3 Bg4 8.Bd3 O-O 9.O-O Nd7
10.h3 Bxf3 11.Rxf3 fxe5 12.fxe5 e6 13.Rxf8+ Qxf8 14.Ne2 Nf5 15.Bd2 Qf7 16.c3 Rf8
17.Qc2 Nh4 18.Nf4 c5 19.b3 Qe7 20.Rf1 a6 21.Bc1 b5 22.a4 b4 23.Bxa6 bxc3
24.Ba3 Bh6 25.g3 Nf5 26.Qxc3 Bxf4 27.Rxf4 Qg5 28.Rg4 Qh5 29.Kg2 cxd4 30.Rxd4 Rf7
31.Rd2 Qg5 32.Kh2 Nxg3 33.Rg2 Nf1+ 34.Bxf1 Qf4+ 35.Qg3 Qxf1 36.Bd6 d4 37.Rd2 d3
38.Qg2 Qf4+ 39.Kg1 Rf5 40.Qf2 Rg5+ 41.Kh1 Qe4+ 42.Kh2 Rf5 43.Qg3 Rf1 44.Qxd3 Rf2+
45.Rxf2 Qxd3 46.b4 Qe3 47.Kg2 Nxe5 48.a5 Qe4+ 49.Kh2 Nf3+ 50.Kg3 Qd3 51.Bc5 Ng5+
52.Kg4 Nf7  0-1

[Event "Turkish Bank Chess League 2012"]
[Site "Konya TUR"]
[Date "2012.07.14"]
[Round "4"]
[White "Baglan,E"]
[Black "Ererdem,G"]
[Result "1-0"]
[WhiteElo "1931"]
[BlackElo "1963"]

1.e4 g6 2.d4 Bg7 3.Nc3 c6 4.Nf3 d5 5.e5 Bg4 6.Be2 e6 7.Bg5 Ne7 8.Qd2 h6 9.Bh4 Qc7
10.O-O-O Nf5 11.Bg3 Nd7 12.Nh4 Nxg3 13.fxg3 Bxe2 14.Qxe2 O-O-O 15.Rhf1 Rhf8
16.Rd3 g5 17.Nf3 Rde8 18.Nb5 cxb5 19.Rc3 Qxc3 20.bxc3 a6 21.Nd2 Nb6 22.Qh5 Re7
23.h4 gxh4 24.Qg4 Bh8 25.Qxh4 f6 26.exf6 Ref7 27.Qxh6 Bxf6 28.Kd1 Na4 29.Rf3 Kd7
30.g4 b4 31.cxb4 Bxd4 32.Qxf8 Rxf8 33.Rxf8 Ke7 34.Rb8 Nc3+ 35.Ke1 Nxa2 36.Rxb7+ Kf6
37.Nf3 Bc3+ 38.Kf1 Nxb4 39.g5+ Kg6 40.Re7 e5 41.Re6+ Kh5 42.g4+ Kxg4 43.g6 e4
44.Ne5+ Kf5 45.g7 Kxe6 46.g8=Q+ Kxe5 47.Qg7+ Kd6 48.Qxc3 a5 49.Qa3  1-0

[Event "87th ch-Paris IdF Open"]
[Site "Paris FRA"]
[Date "2012.07.14"]
[Round "8.14"]
[White "Kilpatrick,C"]
[Black "Vuilleumier,A"]
[Result "1/2-1/2"]
[WhiteElo "2321"]
[BlackElo "2339"]

1.e4 g6 2.d4 Bg7 3.Nc3 c6 4.Nf3 d6 5.h3 Nf6 6.Be3 O-O 7.Qd2 Nbd7 8.O-O-O b5
9.Bd3 e5 10.Bh6 Bb7 11.Qg5 Bxh6 12.Qxh6 exd4 13.Nxd4 b4 14.Nce2 c5 15.Nf3 Bxe4
16.Ng3 Bxf3 17.gxf3 d5 18.h4 c4 19.Bf5 Kh8 20.Bxd7 Qxd7 21.h5 b3 22.axb3 cxb3
23.cxb3 Rac8+ 24.Kb1 Qc6 25.Rc1 Qb5 26.Rxc8 Rxc8 27.Qe3 Qb6 28.Qe5 Re8 29.Qc3 Kg8
30.hxg6 fxg6 31.Rd1 Qxf2 32.Qxf6 Qxg3 33.Rxd5 Qe1+ 34.Ka2 Qe6 35.Qg5 Rf8
36.f4 Qf6 37.Ra5 Qxf4 38.Qd5+ Qf7 39.Qd4 Ra8 40.Rd5 Re8 41.Rd7 Re7 42.Rd8+ Re8
43.Rd7  1/2-1/2

[Event "7th Nana Aleksandria Cup"]
[Site "Poti GEO"]
[Date "2012.07.14"]
[Round "1.11"]
[White "Harutyunyan,Artur A."]
[Black "Iskandarov,M"]
[Result "0-1"]
[WhiteElo "1753"]
[BlackElo "2384"]

1.e4 g6 2.d4 Bg7 3.Nc3 c6 4.Be3 d5 5.e5 f6 6.f4 Nh6 7.h3 O-O 8.Bd3 fxe5 9.fxe5 c5
10.dxc5 Nc6 11.Nf3 Nf7 12.Bb5 e6 13.Bxc6 bxc6 14.O-O Nxe5 15.Nxe5 Bxe5 16.Qd3 a5
17.Rxf8+ Qxf8 18.Rf1 Qg7 19.Qd2 Ba6 20.Rf3 d4 21.Bh6 dxc3 22.bxc3 Qc7 23.Qf2 Bg7
24.Bg5 Qe5 25.Be7 Rb8 26.g4 Rb1+  0-1